Normal view
MARC view
- OBJECT ORIENTED DATABASE VISUAL PROGRAMMING COMPUTER
Entry Topical Term
001 - CONTROL NUMBER
- control field: 75467
003 - CONTROL NUMBER IDENTIFIER
- control field: NUST
005 - DATE AND TIME OF LATEST TRANSACTION
- control field: 20210628205421.0
008 - FIXED-LENGTH DATA ELEMENTS
- fixed length control field: 210628|| aca||aabn | a|a d
040 ## - CATALOGING SOURCE
- Original cataloging agency: NUST
- Transcribing agency: NUST
150 ## - HEADING--TOPICAL TERM
- Topical term or geographic name entry element: OBJECT ORIENTED DATABASE VISUAL PROGRAMMING COMPUTER
670 ## - SOURCE DATA FOUND
- Source citation: Work cat.: (NUST): Rinehart, Martin L 75466, Learn visual dbase programminga hands on guide to object oriented database programming, 1995
